BSOP header

The secret of guidance : (Record no. 24929)

MARC details
000 -LEADER
fixed length control field 00536nam a2200145 4500
008 - FIXED-LENGTH DATA ELEMENTS--GENERAL INFORMATION
fixed length control field 051024s1896 ilum a000 0 eng d
090 ## - LOCALLY ASSIGNED LC-TYPE CALL NUMBER (OCLC); LOCAL CALL NUMBER (OCLC)
Classification number (OCLC) (R) ; Classification number, CALL (RLIN) (NR) BS2545.H6
Local cutter number (OCLC) ; Book number/undivided call number, CALL (RLIN) M57s
100 1# - MAIN ENTRY--PERSONAL NAME
Personal name Meyer, F. B.
Fuller form of name (Frederick Brotherton),
Dates associated with a name 1847-1929.
245 14 - TITLE STATEMENT
Title The secret of guidance :
Remainder of title a companion volume to Light on life's duties /
Statement of responsibility, etc by F.B. Meyer.
260 ## - PUBLICATION, DISTRIBUTION, ETC. (IMPRINT)
Place of publication, distribution, etc Chicago :
Name of publisher, distributor, etc The Moody Press,
Date of publication, distribution, etc c1896.
300 ## - PHYSICAL DESCRIPTION
Extent 125 p. ;
Dimensions 17 cm.
650 #4 - SUBJECT ADDED ENTRY--TOPICAL TERM
Topical term or geographic name as entry element Holiness.
650 #4 - SUBJECT ADDED ENTRY--TOPICAL TERM
Topical term or geographic name as entry element Sanctification.
951 ## - EQUIVALENCE OR CROSS-REFERENCE-GEOGRAPHIC NAME/AREA NAME [OBSOLETE] [CAN/MARC only]
General subdivision 00014086
951 ## - EQUIVALENCE OR CROSS-REFERENCE-GEOGRAPHIC NAME/AREA NAME [OBSOLETE] [CAN/MARC only]
-- 4521
-- BS2545.H6/M57s-2
-- 070613111523921
-- 2000-12-21
-- GC
Holdings
Withdrawn status Lost status Damaged status Not for loan Home library Current library Shelving location Date acquired Accession number Shelving control number Total Checkouts Full call number Barcode Date last seen Price effective from Koha item type
        BSOP Library BSOP Library GC 12/21/2000 4521 127   BS2545.H6/M57s-2 00014086 02/23/2013 02/23/2013 Books
BSOP

Biblical Seminary of the Philippines
  All rights Reserved
  © 2024

CONTACT INFORMATION

Biblical Seminary of the Philippines,
  77-B Karuhatan Road, Valenzuela City,
  PHILIPPINES 1441
  Phone: +632 8292-6795 / 8292-6798
  Fax : +632 8292-6675
  Email: library@bsop.edu.ph